000 00350nam a2200145Ia 4500
008 240112s1990 MAY-MAY-JUNE xx 000 0 und d
022 _a00995355
041 _aeng
082 _a616.05
100 _aLEVY J.A.
245 _aTHE LANCET
260 _bLITTLE BROWN & CO.
_c1990 MAY-MAY-JUNE
300 _a1604,HB
_c8697
440 _v335
999 _c1141665
_d1141665